Livro

Study guide on power in American society

Na minha lista:
Detalhes bibliográficos
Autor principal: Jacobs, Jim
Formato: Livro
Idioma:inglês
Publicado em: Ann Arbor : Radical Education Project, [1965]
Assuntos:

MARC

LEADER 00000nam#a2200000#a#4500
001 005065
003 AR-BeUNQ
005 20191120101848.0
008 980724q1965####xxu#################eng#d
999 |c 7833  |d 83220 
040 |a AR-beUNQ  |e aacr 
099 |a 04-J8 [Fondo Reservado] 
100 1 |a Jacobs, Jim 
245 0 2 |a Study guide on power in American society  |c Jim Jacobs. 
260 |a Ann Arbor :  |b Radical Education Project,  |c [1965] 
300 |a 7 p 
592 |a Fondo Reservado 
650 7 |a PODER POLITICO  |2 Spines 
650 7 |a PLURALISMO  |2 Spines 
650 7 |a CLASES DIRIGENTES  |2 Spines 
651 7 |a ESTADOS UNIDOS  |2 Spines 
929 |a COMPRA  |b Rogelio García Lupo  |d 4,00E  |e 19981020  |g Exp. 0387/98  |j 23801 
942 |c LIB  |n 0